The Sun also sets : Why Japan will not be number one

Bibliographic Details
Main Author: Emmott, Bill
Format: Book
Published: London : Simon & Schuster , 1990
Subjects:

MARC

LEADER 00000cam a2200000 7i4500
001 0000002105
002 000002299
005 20000330.0
020 |a 0671710621 
090 0 0 |a 330.952   |b EMM 
100 1 |a Emmott, Bill 
245 1 4 |a The Sun also sets :   |b Why Japan will not be number one   |c Bill Emmott 
260 |a London :   |b Simon & Schuster ,   |c 1990 
300 |a 278p. ;   |c 23cm. 
650 0 0 |a Economic forecasting   |z Japan 
651 0 |a Japan   |x Civilization 
999 |a 028157   |b BUKU   |c PINJAMAN   |e PERPUSTAKAAN KOMUNITI PETALING JAYA